Báo cáo khảo sát tình hình công khai thông tin trong quản lý đất đai = Survey report on information disclosure of land management regulations

Bài báo cáo này ghi chép lại thực trạng công khai thông tin đất đai theo quy định của pháp luật

Đã lưu trong:
書目詳細資料
格式: 圖書
語言:Undetermined
出版: Hà Nội Trung tâm Thông tin Phát triển Việt Nam 2010
主題:
標簽: 添加標簽
沒有標簽, 成為第一個標記此記錄!
Thư viện lưu trữ: Trung tâm Học liệu Trường Đại học Cần Thơ
LEADER 01017nam a2200205Ia 4500
001 CTU_166444
008 210402s9999 xx 000 0 und d
082 |a 333.08 
082 |b B108 
245 0 |a Báo cáo khảo sát tình hình công khai thông tin trong quản lý đất đai = 
245 0 |b Survey report on information disclosure of land management regulations 
245 0 |c Trung tâm Nghiên cứu Chính sách và Phát triển (DEPOCEN) 
260 |a Hà Nội 
260 |b Trung tâm Thông tin Phát triển Việt Nam 
260 |c 2010 
520 |a Bài báo cáo này ghi chép lại thực trạng công khai thông tin đất đai theo quy định của pháp luật 
650 |a Land use serveys,Real estate development,Khảo sát sử dụng đất,Phát triển bất động sản 
650 |z Vietnam,Vietnam,Việt Nam,Việt Nam 
904 |i Trọng Hiếu 
980 |a Trung tâm Học liệu Trường Đại học Cần Thơ